000 00457nam a2200169Ia 4500
005 20250923144415.0
008 008 250917s9999 xx 000 0 eng d
037 _aTextual
040 _aDSWL
_beng
_cDSWL
041 _aeng
_2eng
084 _aYX,ZDx, N38
_qDSWL
245 0 _aNew trends in group work
_cEd.by Joshua Lieberman
260 _aNew York
_c1938
300 _a229 p.
942 _cTEXL
_hYX,ZDx, N38
999 _c1438462
_d1438462